000 01494nam0a2200409 4500
001 RU\NLR\bibl\122094
005 20260409070401.0
010 _a5-314-00119-5
_91500
021 _aRU
_b2000-32186
_91506
035 _a(NLR Aleph) 000119570
090 _a680572
_c680572
100 _a20001012d2000 |||y0rusy50 ca
101 1 _arus
_ceng
102 _aRU
105 _aa |||||||||
200 1 _aИнтернет
_e[Фундам. рук.]
_fДжой Крейнак, Джой Хебрейкен
_g[Пер. с англ. Е. Клейменова]
210 _aСПб. и др.
_cПитер
_d2000
215 _a555 с.
_cил.
_d24
225 1 _aЭнциклопедия
300 _aЗагл. и авт. ориг.: Internet / By Joe Kraynak and Joe Habraken
320 _aАлф. указ.: с. 548-555
454 0 _12001#$aInternet$fBy Joe Kraynak and Joe Habraken
_tInternet
606 _aINTERNET, глобальная информационная сеть
_jЭнциклопедии
_3RU\NLR\auth\66234270
_91323271
610 0 _aИнтернет
675 _a004.738.5(031)
_v3
_zrus
686 _a50
_2rugasnti
686 _a32.973.202я2
_2rubbk
686 _aЗ988.02я20
700 1 _aКрейнак
_bД.
_gДжой
_4070
701 1 _aХебрейкен
_bД.
_gДжой
_4070
801 0 _aRU
_bRKP
_c20001012
_gPSBO
801 1 _aRU
_bRKP
_c20001012
801 2 _aRU
_bNLR
_c20010110
_grcr
852 _aNLR
_j2000-7/2548
942 _cBOOK
980 _aNB